Educating the nation : Documents on the discoursre of national education in India,1880-1920 (Record no. 1387092)

MARC details
000 -LEADER
fixed length control field 00782nam a2200229Ia 4500
005 - DATE AND TIME OF LATEST TRANSACTION
control field 20250508164115.0
008 - FIXED-LENGTH DATA ELEMENTS--GENERAL INFORMATION
fixed length control field 008 250505s9999 xx 000 0 eng d
020 ## - INTERNATIONAL STANDARD BOOK NUMBER
International Standard Book Number 81-7391-584-9
037 ## - SOURCE OF ACQUISITION
Stock number Reference
040 ## - CATALOGING SOURCE
Original cataloging agency FEDL
Language of cataloging eng
Transcribing agency FEDL
041 ## - LANGUAGE CODE
Language code of text/sound track or separate title eng
Source of code eng
084 ## - COLON CLASSIFICATION NUMBER
Classification number 370.954, BHARR
Assigning agency FEDL
100 ## - MAIN ENTRY--PERSONAL NAME
Personal name Bhattacharya Sabyasachi Ed.
245 #0 - TITLE STATEMENT
Title Educating the nation : Documents on the discoursre of national education in India,1880-1920
260 ## - PUBLICATION, DISTRIBUTION, ETC.
Place of publication, distribution, etc. New Delhi, India
Name of publisher, distributor, etc. Kanishka Publishers, Distributors
Date of publication, distribution, etc. 2003
300 ## - PHYSICAL DESCRIPTION
Extent x,405p.
365 ## - TRADE PRICE
Price type code INR
Price amount 1500
650 ## - SUBJECT ADDED ENTRY--TOPICAL TERM
Topical term or geographic name entry element Education - India; Education - Documents
9 (RLIN) 777340
700 ## - ADDED ENTRY--PERSONAL NAME
Personal name Bara Joseph Ed. Yagati Chinna Rao Ed.
9 (RLIN) 777341
942 ## - ADDED ENTRY ELEMENTS (KOHA)
Koha item type Reference
Classification part 370.954, BHARR
Holdings
Withdrawn status Lost status Damaged status Not for loan Home library Current library Date acquired Cost, normal purchase price Total Checkouts Full call number Barcode Date last seen Price effective from Koha item type
        Department of Education Library Department of Education Library 2025-05-08 1500.00   370.954, BHARR EL0080709 2025-05-08 2025-05-08 Reference
Copyright @ Delhi University Library System